Every Character in the 20th Anniversary Poster for Lucasfilm Animation - Statistics

General Stats
  • This quiz has been taken 9 times
  • The average score is 47 of 129
Answer Stats
Answer % Correct
Anakin Skywalker
100%
C-3PO
88%
Chewbacca
88%
Leia Organa
88%
Obi-Wan Kenobi
88%
R2-D2
88%
Dooku
75%
Jar Jar Binks
75%
Mace Windu
75%
Maul
75%
Sheev Palpatine
75%
Yoda
75%
Boba Fett
63%
Cody
63%
Jabba the Hutt
63%
Kit Fisto
63%
Plo Koon
63%
Qui-Gon Jinn
63%
Rex
63%
Ahsoka Tano
50%
Asajj Ventress
50%
Bail Organa
50%
Bo-Katan Kryze
50%
Cad Bane
50%
Chopper
50%
Crosshair
50%
Echo
50%
Even Piell
50%
Ezra Bridger
50%
Grand Inquisitor
50%
Grievous
50%
Hunter
50%
Kanan Jarrus
50%
Ki-Adi-Mundi
50%
Lando Calrissian
50%
Omega
50%
Quinlan Vos
50%
Sabine Wren
50%
Satine Kryze
50%
Savage Opress
50%
Saw Gerrera
50%
Shaak Ti
50%
Talzin
50%
Thrawn
50%
Wilhuff Tarkin
50%
Wolffe
50%
Wrecker
50%
Zeb Orrelios
50%
99
38%
Aayla Secura
38%
Alexsandr Kallus
38%
Aurra Sing
38%
Barriss Offee
38%
BB-8
38%
Bendu
38%
Bib Fortuna
38%
Bossk
38%
Edmon Rampart
38%
Embo
38%
Gregor
38%
Gungi
38%
Hera Syndulla
38%
Hondo Ohnaka
38%
Jesse
38%
Jocasta Nu
38%
Lee-Char
38%
Mon Mothma
38%
Nala Se
38%
Nute Gunray
38%
Poggle the Lesser
38%
Pong Krell
38%
Riff Tamson
38%
Royce Hemlock
38%
Tech
38%
Wat Tambor
38%
Yaddle
38%
Batcher
25%
C-21 Highsinger
25%
Depa Billaba
25%
Fennec Shand
25%
Fifth Brother
25%
Gar Saxon
25%
Howzer
25%
Huyang
25%
Jun Sato
25%
Lama Su
25%
Latts Razzi
25%
Miraj Scintel
25%
Morai
25%
Morgan Elsbeth
25%
Morley
25%
Notluwiski Papanoida
25%
Numa
25%
Phee Genoa
25%
Pre Vizsla
25%
Rafa Martez
25%
Ryder Azadi
25%
Seventh Sister
25%
Todo 360
25%
Trace Martez
25%
Wullf Yularen
25%
Ziro the Hutt
25%
AP-5
13%
AZI-3
13%
Darth Bane
13%
Eleventh Brother
13%
Elrik Vonreg
13%
Kalani
13%
Karina the Great
13%
Klik-Klak
13%
Mayday
13%
Meebur Gascon
13%
Rotta the Hutt
13%
Tera Sinube
13%
Trench
13%
Darts D'Nar
0%
Flix
0%
G-LN
0%
Jarek Yeager
0%
Kazuda Xiono
0%
Marg Krim
0%
Muchi
0%
Neeku Vozo
0%
Opeepit
0%
Orka
0%
Riyo Chuchi
0%
Synara San
0%
Tamara Ryvora
0%
Torra Doza
0%
No matching quizzes found
Score Distribution
Percent of People with Each Score
Percentile by Number Answered
Your Score History
You have not taken this quiz